Clic Quel acteur(rice)-chanteur(se) joue dans ce film ? (4) - Statistiques

Statistiques générales
  • Ce quiz a été pris 21 fois
  • Le résultat moyen est 9 sur 28
Statistiques - réponses
Hint Réponse % Correct
La Grande Vadrouille de Gérard Oury avec Louis de Funès Bourvil
84%
Le Grand Blond avec une chaussure noire d'Yves Robert Mireille Darc
79%
Ignace de Pierre Colombier Fernandel
68%
Le Prénom de Matthieu Delaporte et Alexandre de La Patellière Patrick Bruel
68%
Nestor Burma, détective de choc de Jean-Luc Miesch Guy Marchand
63%
Le Gendarme de Saint-Tropez, de Jean Girault Jean Lefebvre
63%
Profs de Patrick Schulmann Patrick Bruel
63%
Police Python 357 d'Alain Corneau Yves Montand
58%
Le Jaguar de Francis Veber Patrick Bruel
53%
L'Union sacrée d'Alexandre Arcady Patrick Bruel
47%
La Cuisine au beurre de Gilles Grangier Bourvil
42%
Mon oncle Benjamin d'Édouard Molinaro Jacques Brel
37%
Il a déjà tes yeux de Lucien Jean-Baptiste Michel Jonasz
37%
Pouic-Pouic de Jean Girault Mireille Darc
26%
Je vous aime de Claude Berri Alain Souchon
21%
Vous n'aurez pas ma haine de Kilian Riedhof Camélia Jordana
21%
La Première Étoile de Lucien Jean-Baptiste Michel Jonasz
21%
Paris au mois d'août de Pierre Granier-Deferre Charles Aznavour
16%
La Vérité sur Bébé Donge d'Henri Decoin Jean Gabin
16%
La Doublure de Francis Veber Michel Jonasz
16%
Le Doulos de Jean-Pierre Melville Serge Reggiani
16%
Tendre Poulet de Philippe de Broca Guy Marchand
11%
Tout feu, tout flamme de Jean-Paul Rappeneau Alain Souchon
5%
Ces messieurs de la famille de Raoul André Eddie Constantine
5%
Faubourg Saint-Martin de Jean-Claude Guiguet Patachou
5%
Cible émouvante de Pierre Salvadori Patachou
5%
Ces messieurs de la famille de Raoul André Annie Cordy
0%
La Nuit des généraux d'Anatole Litvak Juliette Gréco
0%
Aucun quiz correspondant
Distribution des résultats
% des personnes avec chaque résultat
Percentile par nombre de réponses
Votre historique - résultats
Vous n’avez pas pris ce quiz